Normal view
MARC view
- Friedman, Barbara G.
Entry Personal Name
001 - CONTROL NUMBER
- control field: 10621
003 - CONTROL NUMBER IDENTIFIER
- control field: OSt
005 - DATE AND TIME OF LATEST TRANSACTION
- control field: 20160627184038.0
008 - FIXED-LENGTH DATA ELEMENTS
- fixed length control field: 160627|| aca||aabn | a|a d
040 ## - CATALOGING SOURCE
- Original cataloging agency: OSt
100 ## - HEADING--PERSONAL NAME
- Personal name: Friedman, Barbara G.
- Dates associated with a name: 1963-
